<?xml version="1.0" encoding="UTF-8"?>
<collection xmlns="http://www.loc.gov/MARC21/slim">
 <record>
  <leader>02548nam a2200409 a 4500</leader>
  <controlfield tag="001">TVCDKTCT10366</controlfield>
  <controlfield tag="003">Thư viện trường Cao đẳng Kỹ thuật Cao Thắng</controlfield>
  <controlfield tag="005">20081111000000</controlfield>
  <controlfield tag="008">081111</controlfield>
  <datafield tag="980" ind1="\" ind2="\">
   <subfield code="a">Thư viện Trường CĐ Kỹ Thuật Cao Thắng</subfield>
  </datafield>
  <datafield tag="024" ind1=" " ind2=" ">
   <subfield code="a">RG_1 #1 eb0 i1</subfield>
  </datafield>
  <datafield tag="041" ind1="0" ind2="#">
   <subfield code="a">vie</subfield>
  </datafield>
  <datafield tag="082" ind1="#" ind2="#">
   <subfield code="a">621.56 / </subfield>
   <subfield code="b">T550Đ-n</subfield>
  </datafield>
  <datafield tag="100" ind1="1" ind2="#">
   <subfield code="a">Nguyễn Đức Lợi</subfield>
  </datafield>
  <datafield tag="245" ind1="0" ind2="0">
   <subfield code="a">Tự động hóa hệ thống lạnh /</subfield>
   <subfield code="c">Nguyễn Đức Lợi</subfield>
  </datafield>
  <datafield tag="250" ind1="#" ind2="#">
   <subfield code="a">Tái bản lần thứ 5</subfield>
  </datafield>
  <datafield tag="260" ind1="#" ind2="#">
   <subfield code="a">H. :</subfield>
   <subfield code="b">Giáo Dục ,</subfield>
   <subfield code="c">2007</subfield>
  </datafield>
  <datafield tag="300" ind1="#" ind2="#">
   <subfield code="a">319tr. ;</subfield>
   <subfield code="c">27cm</subfield>
  </datafield>
  <datafield tag="520" ind1="#" ind2="#">
   <subfield code="a">Tài liệu cung cấp các kiến thức cơ sở các sơ đồ hệ thống tự động tiêu biểu, các đặc tính kỹ thuật, nguyên lý cấu tạo và làm việc của các dụng cụ và thiết bị tự động thường gặp. Nội dung bao gồm các vấn đề như</subfield>
  </datafield>
  <datafield tag="520" ind1="#" ind2="#">
   <subfield code="a">   Phần 1: Kỹ thuật điện.</subfield>
  </datafield>
  <datafield tag="520" ind1="#" ind2="#">
   <subfield code="a">     Chương 1: Cơ sở kỹ thuật điện.</subfield>
  </datafield>
  <datafield tag="520" ind1="#" ind2="#">
   <subfield code="a">   Phần 2: Kỹ thuật điều khiển điện.</subfield>
  </datafield>
  <datafield tag="520" ind1="#" ind2="#">
   <subfield code="a">     Chương 2: Điều khiển điện trong kỹ thuật lạnh.</subfield>
  </datafield>
  <datafield tag="520" ind1="#" ind2="#">
   <subfield code="a">   Phần 3: Tự động hóa hệ thống lạnh.</subfield>
  </datafield>
  <datafield tag="520" ind1="#" ind2="#">
   <subfield code="a">     Chương 3: Nhiệm vụ sơ đồ thuật ngữ phân loại.</subfield>
  </datafield>
  <datafield tag="520" ind1="#" ind2="#">
   <subfield code="a">     Chương 4:Tự động hóa máy nén lạnh.</subfield>
  </datafield>
  <datafield tag="520" ind1="#" ind2="#">
   <subfield code="a">     Chương 5: Tự động hóa thiết bị ngưng tụ</subfield>
  </datafield>
  <datafield tag="520" ind1="#" ind2="#">
   <subfield code="a"> Chương 6: Tự động hóa thiết bị bay hơi</subfield>
  </datafield>
  <datafield tag="520" ind1="#" ind2="#">
   <subfield code="a">     Chương 7: Tự động hóa máy lạnh và buồng lạnh</subfield>
  </datafield>
  <datafield tag="520" ind1="#" ind2="#">
   <subfield code="a">   Phần 4: Các dụng cụ và thiết bị tự động.</subfield>
  </datafield>
  <datafield tag="520" ind1="#" ind2="#">
   <subfield code="a">     Chương 8: Các dụng cụ thừa hành.</subfield>
  </datafield>
  <datafield tag="520" ind1="#" ind2="#">
   <subfield code="a">     Chương 9: Các dụng cụ tự động điều chỉnh báo hiệu, bảo vệ áp suất và hiệu áp suất.</subfield>
  </datafield>
  <datafield tag="520" ind1="#" ind2="#">
   <subfield code="a">     Chương 10: Các dụng cụ tự động điều chỉnh báo hiệu, bảo vệ nhiệt độ và hiệu nhiệt độ.</subfield>
  </datafield>
  <datafield tag="520" ind1="#" ind2="#">
   <subfield code="a">     Chương 11: Dụng cụ điều chỉnh và bảo vệ mức lỏng.</subfield>
  </datafield>
  <datafield tag="520" ind1="#" ind2="#">
   <subfield code="a">     Chương 12: Sơ đồ tự động hệ thống lạnh.</subfield>
  </datafield>
  <datafield tag="650" ind1="#" ind2="4">
   <subfield code="a">Kỹ thuật làm lạnh</subfield>
  </datafield>
  <datafield tag="650" ind1="#" ind2="4">
   <subfield code="a">Hệ Thống lạnh</subfield>
  </datafield>
 </record>
</collection>
